000 00758nam a2200205 i 4500
001 34964
003 ES-MaACL
005 20230906155028.0
007 t|
008 030211s1967 sp f |||| | spa d
100 1 _aBorràs, Maria Lluïsa.
_9146592
245 1 0 _aArquitectura finlandesa en Otaniemi
_b: Alvar Aalto, Heikki Siren, Reima Pietilèa /
_c[texto, María Lluisa Borrás ; fotos, Matti I. Jaatinen ; selección y secuencias, J. Prats Vallés].
250 _aEd. multilingüe.
260 _a[Barcelona :
_bPolígrafa,
_c1967]
300 _a60 p., 8 fol. pleg., XCII lám. ;
_c21 cm.
650 4 _aArquitectura finlandesa.
_9164967
700 1 _aJaatinen, Matti I.
_965786
700 1 _aPrats Vallès, Joan.
_993709
852 _aES-MaACL
_jC-43397
999 _c34964
_d34964